Statistiques concernant Les plus grandes villes d'Amerique latine • A-Z

Cliquez ici pour prendre le quiz!

Statistiques générales

  • Ce quiz a été pris 155 fois
  • Le résultat moyen est 9 sur 26

Statistiques - réponses

#PopulationPaysVilles#% Correct
B8, 081, 000COBogotaB
91%
R6, 476, 631BRRio de JaneiroR
91%
C3, 289, 883VECaracasC
86%
M8, 918, 653MXMexicoM
85%
L8, 894, 421PELimaL
83%
S11, 967, 825BRSaõ PauloS
79%
Q2, 551, 721ECQuitoQ
75%
H2, 117, 625CU(La) HavaneH
52%
K577, 774JMKingstonK
42%
F2, 591, 188BRFortalezaF
34%
T1, 298, 475MXTijuanaT
33%
G2, 589, 229ECGuayaquilG
31%
P1, 746, 867BRPorto AlegreP
30%
J1, 382, 753MXJuárezJ
28%
A869, 351PEArequipaA
15%
V901, 900VEValenciaV
11%
E1, 677, 687MXEcatepec de MorelosE
7%
X475, 506MEXalapa-EnriquezX
4%
I523, 057COIbagueI
3%
D882, 729BRDuque de CaxiasD
2%
O694, 844BROsascoO
2%
U667, 668BRUberlândiaU
2%
Y120, 000VEYaritaguaY
2%
Z1, 179, 681MXZapopanZ
2%
N1, 039, 867MXNezahualcóyotlN
1%
W47, 231NIWaspamW
1%

Distribution des résultats

Percentile par nombre de réponses

% des personnes avec chaque résultat

Votre développement - résultats

Vous n’avez pas pris ce quiz